<?xml version="1.0" encoding="UTF-8"?>
<record
    xmlns:xsi="http://www.w3.org/2001/XMLSchema-instance"
    xsi:schemaLocation="http://www.loc.gov/MARC21/slim http://www.loc.gov/standards/marcxml/schema/MARC21slim.xsd"
    xmlns="http://www.loc.gov/MARC21/slim">

  <leader>00341nam a22001457a 4500</leader>
  <controlfield tag="008">241009b        |||||||| |||| 00| 0 eng d</controlfield>
  <datafield tag="020" ind1=" " ind2=" ">
    <subfield code="a">9789356961180</subfield>
  </datafield>
  <datafield tag="040" ind1=" " ind2=" ">
    <subfield code="a">03</subfield>
  </datafield>
  <datafield tag="082" ind1=" " ind2=" ">
    <subfield code="a">610.73 SAM</subfield>
  </datafield>
  <datafield tag="100" ind1=" " ind2=" ">
    <subfield code="a">SONI SAMTA</subfield>
  </datafield>
  <datafield tag="245" ind1=" " ind2=" ">
    <subfield code="a">TEXTBOOK OF ADVANCE NURSING PRACTICE</subfield>
  </datafield>
  <datafield tag="260" ind1=" " ind2=" ">
    <subfield code="a">JAYPEE</subfield>
    <subfield code="b">JAYPEE</subfield>
    <subfield code="c">DELHI</subfield>
  </datafield>
  <datafield tag="300" ind1=" " ind2=" ">
    <subfield code="a">716</subfield>
  </datafield>
  <datafield tag="942" ind1=" " ind2=" ">
    <subfield code="c">02</subfield>
  </datafield>
  <datafield tag="999" ind1=" " ind2=" ">
    <subfield code="c">64393</subfield>
    <subfield code="d">64393</subfield>
  </datafield>
  <datafield tag="952" ind1=" " ind2=" ">
    <subfield code="0">0</subfield>
    <subfield code="1">0</subfield>
    <subfield code="2">ddc</subfield>
    <subfield code="4">0</subfield>
    <subfield code="6">610_730000000000000_SAM</subfield>
    <subfield code="7">0</subfield>
    <subfield code="9">537711</subfield>
    <subfield code="a">03</subfield>
    <subfield code="b">03</subfield>
    <subfield code="d">2024-10-09</subfield>
    <subfield code="e">JAYPEEJ</subfield>
    <subfield code="g">1150.00</subfield>
    <subfield code="o">610.73 SAM</subfield>
    <subfield code="p">03-B-6751</subfield>
    <subfield code="r">2024-10-09</subfield>
    <subfield code="w">2024-10-09</subfield>
    <subfield code="y">02</subfield>
  </datafield>
  <datafield tag="952" ind1=" " ind2=" ">
    <subfield code="0">0</subfield>
    <subfield code="1">0</subfield>
    <subfield code="2">ddc</subfield>
    <subfield code="4">0</subfield>
    <subfield code="6">610_730000000000000_SAM</subfield>
    <subfield code="7">0</subfield>
    <subfield code="9">537712</subfield>
    <subfield code="a">03</subfield>
    <subfield code="b">03</subfield>
    <subfield code="d">2024-10-09</subfield>
    <subfield code="e">JAYPEEJ</subfield>
    <subfield code="g">1150.00</subfield>
    <subfield code="o">610.73 SAM</subfield>
    <subfield code="p">03-B-6752</subfield>
    <subfield code="r">2024-10-09</subfield>
    <subfield code="w">2024-10-09</subfield>
    <subfield code="y">02</subfield>
  </datafield>
  <datafield tag="952" ind1=" " ind2=" ">
    <subfield code="0">0</subfield>
    <subfield code="1">0</subfield>
    <subfield code="2">ddc</subfield>
    <subfield code="4">0</subfield>
    <subfield code="6">610_730000000000000_SAM</subfield>
    <subfield code="7">0</subfield>
    <subfield code="9">537713</subfield>
    <subfield code="a">03</subfield>
    <subfield code="b">03</subfield>
    <subfield code="d">2024-10-09</subfield>
    <subfield code="e">JAYPEEJ</subfield>
    <subfield code="g">1150.00</subfield>
    <subfield code="o">610.73 SAM</subfield>
    <subfield code="p">03-B-6753</subfield>
    <subfield code="r">2024-10-09</subfield>
    <subfield code="w">2024-10-09</subfield>
    <subfield code="y">02</subfield>
  </datafield>
  <datafield tag="952" ind1=" " ind2=" ">
    <subfield code="0">0</subfield>
    <subfield code="1">0</subfield>
    <subfield code="2">ddc</subfield>
    <subfield code="4">0</subfield>
    <subfield code="6">610_730000000000000_SAM</subfield>
    <subfield code="7">0</subfield>
    <subfield code="9">537714</subfield>
    <subfield code="a">03</subfield>
    <subfield code="b">03</subfield>
    <subfield code="d">2024-10-09</subfield>
    <subfield code="e">JAYPEEJ</subfield>
    <subfield code="g">1150.00</subfield>
    <subfield code="o">610.73 SAM</subfield>
    <subfield code="p">03-B-6754</subfield>
    <subfield code="r">2024-10-09</subfield>
    <subfield code="w">2024-10-09</subfield>
    <subfield code="y">02</subfield>
  </datafield>
  <datafield tag="952" ind1=" " ind2=" ">
    <subfield code="0">0</subfield>
    <subfield code="1">0</subfield>
    <subfield code="2">ddc</subfield>
    <subfield code="4">0</subfield>
    <subfield code="6">610_730000000000000_SAM</subfield>
    <subfield code="7">0</subfield>
    <subfield code="9">537715</subfield>
    <subfield code="a">03</subfield>
    <subfield code="b">03</subfield>
    <subfield code="d">2024-10-09</subfield>
    <subfield code="e">JAYPEEJ</subfield>
    <subfield code="g">1150.00</subfield>
    <subfield code="o">610.73 SAM</subfield>
    <subfield code="p">03-B-6755</subfield>
    <subfield code="r">2024-10-09</subfield>
    <subfield code="w">2024-10-09</subfield>
    <subfield code="y">02</subfield>
  </datafield>
  <datafield tag="952" ind1=" " ind2=" ">
    <subfield code="0">0</subfield>
    <subfield code="1">0</subfield>
    <subfield code="2">ddc</subfield>
    <subfield code="4">0</subfield>
    <subfield code="6">610_730000000000000_SAM</subfield>
    <subfield code="7">0</subfield>
    <subfield code="9">537716</subfield>
    <subfield code="a">03</subfield>
    <subfield code="b">03</subfield>
    <subfield code="d">2024-10-09</subfield>
    <subfield code="e">JAYPEEJ</subfield>
    <subfield code="g">1150.00</subfield>
    <subfield code="o">610.73 SAM</subfield>
    <subfield code="p">03-B-6756</subfield>
    <subfield code="r">2024-10-09</subfield>
    <subfield code="w">2024-10-09</subfield>
    <subfield code="y">02</subfield>
  </datafield>
  <datafield tag="952" ind1=" " ind2=" ">
    <subfield code="0">0</subfield>
    <subfield code="1">0</subfield>
    <subfield code="2">ddc</subfield>
    <subfield code="4">0</subfield>
    <subfield code="6">610_730000000000000_SAM</subfield>
    <subfield code="7">0</subfield>
    <subfield code="9">537717</subfield>
    <subfield code="a">03</subfield>
    <subfield code="b">03</subfield>
    <subfield code="d">2024-10-09</subfield>
    <subfield code="e">JAYPEEJ</subfield>
    <subfield code="g">1150.00</subfield>
    <subfield code="o">610.73 SAM</subfield>
    <subfield code="p">03-B-6757</subfield>
    <subfield code="r">2024-10-09</subfield>
    <subfield code="w">2024-10-09</subfield>
    <subfield code="y">02</subfield>
  </datafield>
  <datafield tag="952" ind1=" " ind2=" ">
    <subfield code="0">0</subfield>
    <subfield code="1">0</subfield>
    <subfield code="2">ddc</subfield>
    <subfield code="4">0</subfield>
    <subfield code="6">610_730000000000000_SAM</subfield>
    <subfield code="7">0</subfield>
    <subfield code="9">537718</subfield>
    <subfield code="a">03</subfield>
    <subfield code="b">03</subfield>
    <subfield code="d">2024-10-09</subfield>
    <subfield code="e">JAYPEEJ</subfield>
    <subfield code="g">1150.00</subfield>
    <subfield code="o">610.73 SAM</subfield>
    <subfield code="p">03-B-6758</subfield>
    <subfield code="r">2024-10-09</subfield>
    <subfield code="w">2024-10-09</subfield>
    <subfield code="y">02</subfield>
  </datafield>
  <datafield tag="952" ind1=" " ind2=" ">
    <subfield code="0">0</subfield>
    <subfield code="1">0</subfield>
    <subfield code="2">ddc</subfield>
    <subfield code="4">0</subfield>
    <subfield code="6">610_730000000000000_SAM</subfield>
    <subfield code="7">0</subfield>
    <subfield code="9">537719</subfield>
    <subfield code="a">03</subfield>
    <subfield code="b">03</subfield>
    <subfield code="d">2024-10-09</subfield>
    <subfield code="e">JAYPEEJ</subfield>
    <subfield code="g">1150.00</subfield>
    <subfield code="o">610.73 SAM</subfield>
    <subfield code="p">03-B-6759</subfield>
    <subfield code="r">2024-10-09</subfield>
    <subfield code="w">2024-10-09</subfield>
    <subfield code="y">02</subfield>
  </datafield>
  <datafield tag="952" ind1=" " ind2=" ">
    <subfield code="0">0</subfield>
    <subfield code="1">0</subfield>
    <subfield code="2">ddc</subfield>
    <subfield code="4">0</subfield>
    <subfield code="6">610_730000000000000_SAM</subfield>
    <subfield code="7">0</subfield>
    <subfield code="9">537720</subfield>
    <subfield code="a">03</subfield>
    <subfield code="b">03</subfield>
    <subfield code="d">2024-10-09</subfield>
    <subfield code="e">JAYPEEJ</subfield>
    <subfield code="g">1150.00</subfield>
    <subfield code="o">610.73 SAM</subfield>
    <subfield code="p">03-B-6760</subfield>
    <subfield code="r">2024-10-09</subfield>
    <subfield code="w">2024-10-09</subfield>
    <subfield code="y">02</subfield>
  </datafield>
</record>
